रोजा. (Record no. 1331716)

MARC details
000 -LEADER
fixed length control field 00557nam a2200181Ia 4500
008 - FIXED-LENGTH DATA ELEMENTS--GENERAL INFORMATION
fixed length control field 151202s9999||||xx |||||||||||||| ||und||
082 ## - DEWEY DECIMAL CLASSIFICATION NUMBER
Item number PNVM-65184
100 ## - MAIN ENTRY--PERSONAL NAME
Personal name वाळिंबे शरदचंद्र.
245 ## - TITLE STATEMENT
Title रोजा.
260 ## - PUBLICATION, DISTRIBUTION, ETC. (IMPRINT)
Name of publisher, distributor, etc "योगिता प्रकाशन, पुणे."
260 ## - PUBLICATION, DISTRIBUTION, ETC. (IMPRINT)
Date of publication, distribution, etc 2007
300 ## - PHYSICAL DESCRIPTION
Extent 200
600 ## - SUBJECT ADDED ENTRY--PERSONAL NAME
Personal name वाळिंबे शरदचंद्र.
630 ## - SUBJECT ADDED ENTRY--UNIFORM TITLE
Uniform title रोजा.
700 ## - ADDED ENTRY--PERSONAL NAME
Personal name वाळिंबे शरदचंद्र.
730 ## - ADDED ENTRY--UNIFORM TITLE
Uniform title रोजा.
942 ## - ADDED ENTRY ELEMENTS (KOHA)
Koha item type Book
Holdings
Withdrawn status Lost status Damaged status Not for loan Home library Current library Date acquired Cost, normal purchase price Total Checkouts Full call number Barcode Date last seen Cost, replacement price Price effective from Koha item type
        Pune Nagar Vachan Mandir, Pune Pune Nagar Vachan Mandir, Pune 06/27/2015 0.00   PNVM-65184 PNVM-65184 12/02/2015 0.00 12/02/2015 Book